000 00663nam a22002177a 4500
003 UA-OsUOA
001 41825
007 ta
008 20081106b un ||||| |||| 00| 0 ukr d
090 _a94(477) НТШ
_bК61
942 _cBK
040 _aUA-OsUOA
_bukr
_cUA-OsUOA
_dUA-OsUOA
245 _aКоломия й коломийщина
_bЗбірник споминів і статтей про недавнє минуле
300 _a960 с.
955 _a4
041 _aukr
080 _a94(477) НТШ
260 _aФіладельфія
_c1988
650 7 _a9 Географія. Біографії. Історія
_2UDC
999 _c440324
_d440324